[Event "USV Potsdam-SF Köln-Mülheim"]
[Site "?"]
[Date "2007.12.27"]
[Round "2.2"]
[White "Eichstaedt, Mirko"]
[Black "Eigemann, Frederik"]
[Result "0-1"]
[WhiteElo "1284"]
[BlackElo "1564"]
[PlyCount "102"]
[EventDate "2007.??.??"]

1. e4 e6 2. d4 d5 3. Nd2 Nf6 4. e5 Nfd7 5. Bd3 c5 6. c3 Nc6 7. Ne2 Qb6 8. Nf3
Be7 9. b3 cxd4 10. cxd4 Nb4 11. Bb1 O-O 12. a3 Nc6 13. O-O f6 14. exf6 Nxf6 15.
h3 Bd7 16. Be3 Be8 17. b4 Bh5 18. Kh1 Bd6 19. Bd3 Qd8 20. Nd2 Rc8 21. Qb3 Ne7
22. Nf4 Bxf4 23. Bxf4 Nc6 24. Be3 Qb6 25. Qb2 Ne7 26. Bf4 Nd7 27. g3 Bg6 28.
Bxg6 Nxg6 29. Be3 e5 30. dxe5 Qe6 31. Kg2 Ngxe5 32. Qb3 Nc4 33. Nxc4 dxc4 34.
Qc3 Qe4+ 35. Kh2 Ne5 36. h4 Nf3+ 37. Kh3 Nxh4 38. Bxa7 Rf5 39. f3 Nxf3 40. Rxf3
Qxf3 41. Qxf3 Rxf3 42. Kg4 Rb3 43. Bc5 Rd8 44. Kf4 Rd2 45. a4 c3 46. b5 c2 47.
Be3 Rxe3 48. Kxe3 Rd1 49. Rxd1 cxd1=Q 50. Kf2 Qxa4 51. Ke3 Kf7 0-1

[Event "SV Turm Lippstadt-SC Einheit Bautzen"]
[Site "?"]
[Date "2007.12.27"]
[Round "2.1"]
[White "Rührmund, Daniel"]
[Black "Tran, Duc Cuong"]
[Result "1-0"]
[WhiteElo "1584"]
[BlackElo "1709"]
[PlyCount "59"]
[EventDate "2007.??.??"]

1. e4 c5 2. Nf3 Nc6 3. d4 cxd4 4. Nxd4 e5 5. Nb3 Nf6 6. Nc3 Bb4 7. f3 d5 8. a3
Bxc3+ 9. bxc3 dxe4 10. Qxd8+ Nxd8 11. Be2 O-O 12. O-O Bf5 13. f4 exf4 14. Bxf4
Bg6 15. Nd4 Nd5 16. Bd6 Re8 17. Bb5 Nc6 18. Nxc6 Re6 19. c4 Rxd6 20. cxd5 bxc6
21. Bxc6 Rf8 22. c4 f6 23. c5 Rdd8 24. Rac1 Bf7 25. d6 Be6 26. Bxe4 f5 27. Bb7
Bc8 28. Bxc8 Rxc8 29. d7 Rc6 30. Rxf5 1-0

[Event "SV Turm Lippstadt-SC Einheit Bautzen"]
[Site "?"]
[Date "2007.12.27"]
[Round "2.2"]
[White "Valledor Pereira, Dominik Damian"]
[Black "Hase, Albert"]
[Result "1/2-1/2"]
[WhiteElo "1236"]
[BlackElo "1479"]
[PlyCount "88"]
[EventDate "2007.??.??"]

1. e4 d6 2. Nf3 g6 3. d4 Bg7 4. Be3 Nf6 5. Nbd2 c6 6. Bd3 Nbd7 7. c3 b5 8. Qc2
a6 9. b4 Bb7 10. O-O O-O 11. Rfe1 e5 12. dxe5 Nxe5 13. Nxe5 dxe5 14. Rad1 Qc7
15. h3 Rad8 16. Nf1 Rd7 17. Rd2 Rfd8 18. Red1 Nh5 19. Be2 Nf4 20. Bg4 Rxd2 21.
Rxd2 a5 22. g3 h5 23. Rxd8+ Qxd8 24. gxf4 hxg4 25. hxg4 axb4 26. cxb4 exf4 27.
Bxf4 Qd4 28. a3 Qf6 29. Qd2 Qe6 30. f3 Qf6 31. Nh2 Qd4+ 32. Qxd4 Bxd4+ 33. Kg2
Bb2 34. Bd6 Bxa3 35. e5 Bc8 36. f4 Kg7 37. g5 Bc1 38. Kg3 Bd2 39. Nf1 Bc1 40.
Kf3 Be6 41. Ne3 Bxe3 42. Kxe3 Bd5 43. Kd4 Bf3 44. Kc5 Bd5 1/2-1/2

[Event "SC Reti Heusweiler-SG Porz 47"]
[Site "?"]
[Date "2007.12.27"]
[Round "2.1"]
[White "Krause, Johann"]
[Black "Grewenig, Jan"]
[Result "0-1"]
[WhiteElo "1333"]
[BlackElo "1607"]
[PlyCount "64"]
[EventDate "2007.??.??"]

1. e3 c5 2. c4 Nc6 3. Nc3 g6 4. Nf3 Bg7 5. d4 cxd4 6. exd4 d6 7. Be2 Nf6 8. Be3
O-O 9. O-O d5 10. Qc2 Bf5 11. Qa4 dxc4 12. Qxc4 Rc8 13. Qb5 Bd7 14. Qb3 Na5 15.
Qb4 Nc6 16. Qb3 Ng4 17. Rad1 b6 18. Nd2 Nxd4 19. Bxd4 Bxd4 20. Bxg4 Bxg4 21.
Nf3 Bxf3 22. gxf3 e5 23. Nb5 Qg5+ 24. Kh1 Qh4 25. Nd6 Rcd8 26. Ne4 Kg7 27. Ng3
h5 28. Kg2 Qg5 29. Kh1 h4 30. Ne4 Qf4 31. Qc2 Qxf3+ 32. Kg1 h3 0-1

[Event "SC Reti Heusweiler-SG Porz 47"]
[Site "?"]
[Date "2007.12.27"]
[Round "2.2"]
[White "Holle, Eric"]
[Black "Padva, Leo"]
[Result "1/2-1/2"]
[WhiteElo "1340"]
[BlackElo "1395"]
[PlyCount "32"]
[EventDate "2007.??.??"]

1. e4 c6 2. Nf3 d5 3. exd5 cxd5 4. Ne5 Nc6 5. d4 Nf6 6. Bf4 Qb6 7. b3 Nxe5 8.
Bxe5 Bf5 9. Bd3 Bxd3 10. Qxd3 g6 11. Bxf6 Qxf6 12. Qb5+ Qc6 13. Nc3 e6 14. O-O
Bd6 15. Rfe1 O-O 16. Re3 Rac8 1/2-1/2

[Event "SC Vaterstetten-SF Brackel Dortmund"]
[Site "?"]
[Date "2007.12.27"]
[Round "2.1"]
[White "Schwiddessen, Jan"]
[Black "Nitsche-Hahn, Maxim"]
[Result "0-1"]
[WhiteElo "1335"]
[BlackElo "1425"]
[PlyCount "44"]
[EventDate "2007.??.??"]

1. d4 g6 2. c4 Bg7 3. Nc3 Nf6 4. Nf3 b6 5. g3 Bb7 6. Bg2 O-O 7. O-O d6 8. Bf4
c5 9. dxc5 dxc5 10. Nb5 Na6 11. Ne5 Bxg2 12. Kxg2 Qb8 13. Kg1 Qb7 14. Qa4 Nb4
15. Nc3 Rfd8 16. Rad1 Nh5 17. a3 Nxf4 18. gxf4 Bxe5 19. fxe5 Nc6 20. f4 Nd4 21.
Rf2 Qd7 22. Nd5 Qxa4 0-1

[Event "SC Vaterstetten-SF Brackel Dortmund"]
[Site "?"]
[Date "2007.12.27"]
[Round "2.2"]
[White "Nitsche-Hahn, Raphael"]
[Black "Reisberg, Andre"]
[Result "1/2-1/2"]
[WhiteElo "1528"]
[BlackElo "1195"]
[PlyCount "86"]
[EventDate "2007.??.??"]

1. d4 d5 2. c4 c6 3. Nf3 e6 4. Nc3 Nf6 5. Bg5 Nbd7 6. e3 Bb4 7. Be2 h6 8. Bxf6
Nxf6 9. O-O O-O 10. a3 Bxc3 11. bxc3 Ne4 12. Qc2 Qa5 13. Rfc1 Bd7 14. Nd2 Nxd2
15. Qxd2 c5 16. cxd5 exd5 17. dxc5 Qxc5 18. Qd4 Rac8 19. Bf3 Be6 20. Qxc5 Rxc5
21. e4 dxe4 22. Bxe4 b6 23. Bb7 Rd8 24. Ba6 Rd2 25. a4 Bc4 26. Bxc4 Rxc4 27.
Kf1 Rf4 28. f3 Rh4 29. h3 g5 30. Re1 Rc4 31. Ra3 Rd3 32. Re7 Rcxc3 33. Rxc3
Rxc3 34. Rxa7 Ra3 35. Ra6 Kg7 36. Rxb6 Rxa4 37. Kf2 f6 38. Re6 h5 39. g3 g4 40.
hxg4 hxg4 41. Re4 Ra2+ 42. Re2 Rxe2+ 43. Kxe2 Kg6 1/2-1/2

[Event "SC Vaterstetten-SF Brackel Dortmund"]
[Site "?"]
[Date "2007.12.27"]
[Round "2.3"]
[White "Tiemann, Uwe"]
[Black "Xiong, Ferdinand"]
[Result "0-1"]
[WhiteElo "1031"]
[BlackElo "1489"]
[PlyCount "98"]
[EventDate "2007.??.??"]

1. e4 c5 2. Nf3 d6 3. d4 cxd4 4. Bb5+ Bd7 5. Bxd7+ Nxd7 6. Nxd4 Ngf6 7. Nc3 g6
8. O-O Bg7 9. Be3 O-O 10. Ndb5 a6 11. Nd4 Rc8 12. Qd2 Ng4 13. h3 Nxe3 14. Qxe3
Qb6 15. Rfd1 Qxb2 16. Nd5 Rfe8 17. Rab1 Bxd4 18. Qxd4 Qxd4 19. Rxd4 b5 20. Rc1
Kf8 21. a4 Nc5 22. axb5 axb5 23. c4 Nb3 24. Nb6 Nxd4 25. Nxc8 Rxc8 26. f3 Ne2+
27. Kf2 Nxc1 28. cxb5 Rb8 29. g4 Rxb5 30. Kg3 g5 31. h4 f6 32. h5 Ne2+ 33. Kf2
Rb2 34. Ke3 Nf4 35. Kd4 Rb3 36. h6 Rxf3 37. e5 dxe5+ 38. Ke4 Rh3 39. Kf5 Nd3
40. Ke4 Ke8 41. Kf5 Kf7 42. Ke4 Nc5+ 43. Kd5 e4 44. Kxc5 e3 45. Kd5 e2 46. Kc6
e1=Q 47. Kc5 Qa5+ 48. Kc6 Rc3+ 49. Kd7 Qc7# 0-1

[Event "SC Vaterstetten-SF Brackel Dortmund"]
[Site "?"]
[Date "2007.12.27"]
[Round "2.4"]
[White "Opitz, Jonas"]
[Black "Birnkraut, Tim"]
[Result "1-0"]
[WhiteElo "1075"]
[BlackElo "1007"]
[PlyCount "69"]
[EventDate "2007.??.??"]

1. Nf3 Nc6 2. g3 d5 3. Bg2 Nf6 4. O-O Bg4 5. d3 Qd7 6. Nc3 Bh3 7. e4 Bxg2 8.
Kxg2 d4 9. Ne2 e5 10. c3 h6 11. Qa4 Bc5 12. b4 Bb6 13. b5 Ne7 14. Nxe5 Qd6 15.
cxd4 c5 16. Qc4 cxd4 17. Nxf7 Qd7 18. Nxh8 Rc8 19. Qf7+ Kd8 20. Ba3 Rc7 21.
Rfc1 Ne8 22. Rxc7 Bxc7 23. Rc1 Nd6 24. Qf8+ Ne8 25. Nxd4 h5 26. f4 h4 27. e5
h3+ 28. Kf3 Qd5+ 29. Ke3 Qd7 30. e6 Nd5+ 31. Kd2 Ba5+ 32. Ke2 Qc7 33. Rxc7
Ndxc7 34. Qe7+ Kc8 35. Qd7+ 1-0

[Event "SV Empor Berlin-Wilhelmshavener SF"]
[Site "?"]
[Date "2007.12.27"]
[Round "2.2"]
[White "Moritz, Aron"]
[Black "Neumann, Florian"]
[Result "1-0"]
[WhiteElo "1646"]
[BlackElo "1242"]
[PlyCount "23"]
[EventDate "2007.??.??"]

1. e4 e5 2. Nf3 Nc6 3. Bc4 Nf6 4. d3 Bc5 5. c3 Na5 6. Nxe5 Qe7 7. Bxf7+ Kf8 8.
Nc4 Nxe4 9. O-O Bxf2+ 10. Kh1 Nxc4 11. Bxc4 Qh4 12. Qf3+ 1-0

[Event "SV Empor Berlin-Wilhelmshavener SF"]
[Site "?"]
[Date "2007.12.27"]
[Round "2.3"]
[White "Hellwig, Immo"]
[Black "Schmid, Floyd"]
[Result "1-0"]
[WhiteElo "1084"]
[BlackElo "1073"]
[PlyCount "61"]
[EventDate "2007.??.??"]

1. e4 e5 2. Nf3 Nc6 3. Bc4 Bc5 4. c3 Nf6 5. d4 exd4 6. cxd4 Bb4+ 7. Nc3 Nxe4 8.
O-O Bxc3 9. d5 Ne5 10. bxc3 Nxc4 11. Qd4 Ncd6 12. Qxg7 Rf8 13. Bh6 Qe7 14. Qxh7
Nf6 15. Bxf8 Nxh7 16. Bxe7 Kxe7 17. Rfe1+ Kf8 18. Re3 Nc4 19. Re4 Nb6 20. Rd4
Nf6 21. d6 c5 22. Rf4 Nfd5 23. Rf5 Nxc3 24. Ne5 Ne4 25. Nxf7 Kg8 26. Re1 Nc3
27. Re3 Nxa2 28. Rg3+ Kf8 29. Nh6+ Ke8 30. Re3+ Kd8 31. Rf8# 1-0

[Event "SV Empor Berlin-Wilhelmshavener SF"]
[Site "?"]
[Date "2007.12.27"]
[Round "2.4"]
[White "Scheinhütte, Jakob"]
[Black "Großklaus, Igor"]
[Result "0-1"]
[WhiteElo "927"]
[BlackElo "1191"]
[PlyCount "60"]
[EventDate "2007.??.??"]

1. e4 e5 2. Nf3 Nc6 3. Bc4 Bc5 4. Nc3 Nf6 5. d3 d6 6. h3 Be6 7. O-O Bxc4 8.
dxc4 O-O 9. Bg5 h6 10. Bh4 g5 11. Nxg5 hxg5 12. Bxg5 Re8 13. Qf3 Re6 14. Nd5
Nd4 15. Qg3 Ne2+ 16. Kh1 Nxg3+ 17. fxg3 c6 18. Nxf6+ Kh8 19. Nh7 Qg8 20. Bf6+
Kxh7 21. Rf5 Qg6 22. Raf1 Bd4 23. g4 Be3 24. Rh5+ Bh6 25. Rff5 Rxf6 26. Rfg5
Qxe4 27. Rh4 Rg8 28. Rgh5 Rf1+ 29. Kh2 Qf4+ 30. g3 Qf2# 0-1

[Event "SK Gründau-SF Baiertal-Schatthausen"]
[Site "?"]
[Date "2007.12.27"]
[Round "2.2"]
[White "Tautz, Jonas"]
[Black "Müller, Maiko"]
[Result "0-1"]
[WhiteElo "1323"]
[BlackElo "1208"]
[PlyCount "60"]
[EventDate "2007.??.??"]

1. e4 e5 2. Nf3 Nc6 3. Bb5 Bc5 4. O-O d6 5. h3 Nf6 6. Re1 O-O 7. c3 Bd7 8. d4
exd4 9. cxd4 Bb4 10. Bd2 Bxd2 11. Qxd2 Re8 12. Nc3 Qc8 13. Rad1 h6 14. d5 Ne5
15. Nxe5 Rxe5 16. Bxd7 Qxd7 17. Qd3 Rae8 18. f3 Rg5 19. Qb5 Qxh3 20. Rd2 Qxf3
21. Qxb7 Nh5 22. Qxa7 Nf4 23. Qf2 Rxg2+ 24. Qxg2 Nxg2 25. Rxg2 h5 26. Ree2 Re5
27. Rgf2 Qd3 28. Rd2 Rg5+ 29. Kh1 Qh3+ 30. Rh2 Qf1# 0-1

[Event "SK Gründau-SF Baiertal-Schatthausen"]
[Site "?"]
[Date "2007.12.27"]
[Round "2.3"]
[White "Herbst, Timothy"]
[Black "Zahn, Fabian"]
[Result "0-1"]
[WhiteElo "1103"]
[BlackElo "957"]
[PlyCount "27"]
[EventDate "2007.??.??"]

1. c4 e5 2. d3 Nf6 3. Nf3 Nc6 4. g3 Bb4+ 5. Nc3 O-O 6. Bg2 Bxc3+ 7. bxc3 h6 8.
O-O d6 9. Be3 e4 10. dxe4 Nxe4 11. Qd3 Re8 12. Nd2 Nf6 13. Nb3 Be6 14. Nd4 {
Partie nicht weiter rekonstruierbar} 0-1

[Event "SK Gründau-SF Baiertal-Schatthausen"]
[Site "?"]
[Date "2007.12.27"]
[Round "2.4"]
[White "Steppat, Sebastian"]
[Black "Kurtz, Selina"]
[Result "1-0"]
[WhiteElo "1002"]
[BlackElo "838"]
[PlyCount "67"]
[EventDate "2007.??.??"]

1. e4 e5 2. Nf3 Nc6 3. Bb5 Nf6 4. Bxc6 dxc6 5. Nxe5 Nxe4 6. Qe2 Qd5 7. Nf3 Bg4
8. d3 Bxf3 9. gxf3 Bb4+ 10. Bd2 Bxd2+ 11. Nxd2 O-O-O 12. fxe4 Qd4 13. Rb1 Qa4
14. Nc4 Qxa2 15. Kd2 f6 16. Ra1 Qxa1 17. Rxa1 b5 18. Na5 Rd6 19. Qe3 Kd7 20. c4
b4 21. c5 Re6 22. Qd4+ Ke7 23. Qxb4 g6 24. Qb7 Kd7 25. Nc4 f5 26. f3 fxe4 27.
fxe4 Rf8 28. Ke3 Ref6 29. Rxa7 Rf3+ 30. Kd4 Rd8 31. Qxc7+ Ke8+ 32. Nd6+ Rxd6+
33. Qxd6 Rf7 34. Qb8# 1-0

[Event "SV Stuttgart-Wolfbusch-SV Unterkochen"]
[Site "?"]
[Date "2007.12.27"]
[Round "2.1"]
[White "Zoller, Philipp"]
[Black "Schnorr, Christian"]
[Result "0-1"]
[WhiteElo "1049"]
[BlackElo "1569"]
[PlyCount "120"]
[EventDate "2007.??.??"]

1. e4 c5 2. Nf3 e6 3. Nc3 d6 4. d3 Nf6 5. g3 Nc6 6. Be3 a6 7. a4 b6 8. Bg2 Bb7
9. O-O Qc7 10. Qd2 Be7 11. h3 O-O 12. Rfe1 Rac8 13. Rac1 Na5 14. Ne2 c4 15. b4
c3 16. Qd1 Nc6 17. Nxc3 Nxb4 18. Ne2 Nd7 19. Qd2 d5 20. exd5 Bxd5 21. c3 Nc6
22. c4 Bxf3 23. Bxf3 Bb4 24. Nc3 Rfd8 25. Rb1 a5 26. Qc2 Qe5 27. Bd2 Nd4 28.
Qd1 Qf6 29. Kg2 Nxf3 30. Qxf3 Bxc3 31. Bxc3 Qxc3 32. Rbc1 Qf6 33. Qe3 Nc5 34.
Rcd1 Qd4 35. Qf3 Qd6 36. Re3 Qc6 37. Qxc6 Rxc6 38. d4 Rcd6 39. f4 Rxd4 40. Rxd4
Rxd4 41. f5 Rxc4 42. g4 Rxa4 43. Kg3 Rd4 44. h4 Rd3 45. Rxd3 Nxd3 46. Kf3 a4
47. Ke3 a3 48. Kxd3 a2 49. Ke3 a1=Q 50. fxe6 Qe1+ 51. Kd4 Qxe6 52. h5 b5 53.
Kc5 Qc4+ 54. Kd6 b4 55. Ke5 f6+ 56. Kd6 b3 57. Kd7 b2 58. Kd6 b1=R 59. Kd7 Rd1+
60. Ke8 Qe2# 0-1

[Event "SV Stuttgart-Wolfbusch-SV Unterkochen"]
[Site "?"]
[Date "2007.12.27"]
[Round "2.2"]
[White "Dölker, Kai"]
[Black "Basaran, Mehmet"]
[Result "1-0"]
[WhiteElo "1221"]
[BlackElo "865"]
[PlyCount "127"]
[EventDate "2007.??.??"]

1. d4 Nf6 2. c4 g6 3. Bf4 Bg7 4. Nc3 O-O 5. e4 d6 6. Nf3 c5 7. d5 Nbd7 8. Be2
Re8 9. O-O Nf8 10. Qd2 b6 11. Bh6 Bb7 12. Bxg7 Kxg7 13. Rfe1 e5 14. Rab1 h6 15.
Bd3 N6h7 16. a3 Ng5 17. Nxg5 hxg5 18. Re3 Bc8 19. Rg3 f6 20. b4 Nd7 21. Nb5 Nb8
22. bxc5 bxc5 23. Qa2 f5 24. Bc2 f4 25. Rgb3 Ba6 26. Bd3 Rh8 27. Qe2 Bxb5 28.
Rxb5 a6 29. Rb7+ Kf8 30. Qb2 Nd7 31. Be2 Qe7 32. Bg4 Rd8 33. Bxd7 Rxd7 34. Rb8+
Kg7 35. Rb7 Kf6 36. Rxd7 Qxd7 37. f3 g4 38. Rf1 gxf3 39. Rxf3 g5 40. Qc3 g4 41.
Rxf4+ Kg5 42. Rf5+ Kg6 43. Qe3 Qe7 44. Qg3 Qh4 45. Qxh4 Rxh4 46. Rf8 g3 47.
hxg3 Rxe4 48. Rd8 Rxc4 49. Rxd6+ Kf7 50. Rxa6 Ke7 51. Re6+ Kd7 52. Rxe5 Kd6 53.
Rf5 Ra4 54. Kf2 Rxa3 55. g4 Rd3 56. g5 c4 57. g6 c3 58. g7 c2 59. g8=Q Rd2+ 60.
Ke3 Rxg2 61. Qe6+ Kc7 62. Rf7+ Kd8 63. Qd6+ Ke8 64. Qf8# 1-0

[Event "SV Stuttgart-Wolfbusch-SV Unterkochen"]
[Site "?"]
[Date "2007.12.27"]
[Round "2.3"]
[White "Degünther, Julius"]
[Black "Riasanow, Nikita"]
[Result "0-1"]
[WhiteElo "976"]
[BlackElo "1252"]
[PlyCount "76"]
[EventDate "2007.??.??"]

1. e4 e6 2. d4 d5 3. exd5 exd5 4. Nf3 Nf6 5. Be2 c5 6. dxc5 Bxc5 7. O-O O-O 8.
Nc3 h6 9. h3 Nc6 10. Re1 Bf5 11. Bf4 Ne4 12. Nxe4 Bxe4 13. Qd2 Qb6 14. Be3 d4
15. Bf4 Nb4 16. Bd3 Bxf3 17. gxf3 Qf6 18. Kg2 Nxd3 19. cxd3 Qg6+ 20. Bg3 f5 21.
f4 a5 22. a3 Bd6 23. Rac1 b5 24. Qd1 Bxf4 25. Rc5 Bxg3 26. fxg3 Rfe8 27. Rxe8+
Rxe8 28. Qf3 f4 29. Kh2 fxg3+ 30. Kg1 Rf8 31. Qg2 Qxd3 32. Rxb5 Qxb5 33. Qxg3
Qf1+ 34. Kh2 Qf2+ 35. Qxf2 Rxf2+ 36. Kh1 d3 37. b4 d2 38. b5 d1=R# 0-1

[Event "SV Stuttgart-Wolfbusch-SV Unterkochen"]
[Site "?"]
[Date "2007.12.27"]
[Round "2.4"]
[White "Baumann, Oliver"]
[Black "Schmid, Bernd"]
[Result "0-1"]
[WhiteElo "888"]
[BlackElo "776"]
[PlyCount "24"]
[EventDate "2007.??.??"]

1. e4 e5 2. Nf3 Nc6 3. Bc4 Bc5 4. O-O (4. Nc3 Nf6 5. d3 O-O (5... Ng4 6. O-O)
6. Bg5 d6) (4. d3 Qf6 5. Bg5 Qg6 6. Nbd2 (6. h4 h5 (6... h6 7. h5 Qh7)) 6... h6
7. Bh4 Nf6 (7... Qxg2 8. Rg1 Qh3 9. Rg3) 8. Qe2 Nh5 (8... Qxg2 9. Rg1 Qh3 10.
Rg3) 9. Bg3 Nb4 10. O-O-O) 4... Qf6 5. Nc3 Qg6 6. g3 d6 7. Nb5 Bb6 8. d3 Qh5 9.
Qe1 Qxf3 10. Be3 Bh3 11. Bxf7+ Kxf7 12. Bxb6 Qg2# 0-1

[Event "BSG Chemie Leipzig-SK Ettlingen"]
[Site "?"]
[Date "2007.12.27"]
[Round "2.2"]
[White "Oha, Maximilian"]
[Black "Weber, Clemens"]
[Result "0-1"]
[WhiteElo "1398"]
[BlackElo "1326"]
[PlyCount "96"]
[EventDate "2007.??.??"]

1. e4 e5 2. Nf3 Nc6 3. Bc4 Bc5 4. c3 Nf6 5. d4 Bb6 6. dxe5 Ng4 7. O-O Ngxe5 8.
Nxe5 Nxe5 9. Bb3 O-O 10. Bf4 d6 11. Qc2 Bd7 12. Nd2 Kh8 13. Nc4 Nxc4 14. Bxc4
Qe7 15. Rfe1 Be6 16. Bd5 c6 17. Bb3 Qf6 18. Bxd6 Bxb3 19. axb3 Qxd6 20. Rad1
Qe6 21. b4 Rad8 22. b3 Qh6 23. Qe2 Qf6 24. Qc2 Rfe8 25. c4 Qf4 26. c5 Bc7 27.
g3 Qf6 28. Rxd8 Rxd8 29. Rd1 Rxd1+ 30. Qxd1 Qe7 31. Qg4 Qe6 32. Qh5 Kg8 33. Qh4
h6 34. Qh5 Qxe4 35. Qd1 Qe6 36. h4 Qd5 37. Qe2 Qe6 38. Qd2 Qd5 39. Qe2 Be5 40.
f4 Bd4+ 41. Kh2 Qe6 42. Qd1 Qe3 43. Kh3 Qg1 44. Qe2 Qh1+ 45. Kg4 g6 46. f5 h5+
47. Kf4 Qh3 48. Kg5 Qxg3+ 0-1

[Event "TuS Makkabi Berlin-SV Empor Erfurt"]
[Site "?"]
[Date "2007.12.27"]
[Round "2.2"]
[White "Davydov, Ruven"]
[Black "Lorenz, Erik"]
[Result "1/2-1/2"]
[WhiteElo "1747"]
[BlackElo "1314"]
[PlyCount "98"]
[EventDate "2007.??.??"]
[WhiteTeam "TuS Makkabi Berlin"]
[BlackTeam "SV Empor Erfurt"]

1. e4 c5 2. Nf3 d6 3. d4 cxd4 4. Nxd4 Nf6 5. Nc3 a6 6. f3 e5 7. Nb3 Be6 8. Be3
Nbd7 9. Nd2 Be7 10. Bc4 Bxc4 11. Nxc4 Qc7 12. Nd2 b5 13. O-O O-O 14. Rc1 Nb6
15. Qe2 d5 16. exd5 Nbxd5 17. Nxd5 Nxd5 18. Bf2 f6 19. Ne4 Nf4 20. Qe3 Rfd8 21.
Qb3+ Kh8 22. Rcd1 Rd7 23. c3 Rad8 24. Rxd7 Rxd7 25. Rd1 Qd8 26. Rxd7 Qxd7 27.
Qc2 Kg8 28. Be3 Qd3 29. Qb3+ Kf8 30. Bxf4 exf4 31. h4 Qe3+ 32. Kh2 h6 33. Qd5
Qe2 34. Nd6 Bxd6 35. Qxd6+ Kf7 36. Qxf4 Qxb2 37. Qc7+ Kg6 38. Qa5 Qe2 39. Qxa6
Qc4 40. Kh3 Kh5 41. g4+ Kg6 42. Kg3 Qc7+ 43. Kg2 Qc4 44. Qa8 Qe2+ 45. Kg3 Qe1+
46. Kh3 Qf1+ 47. Kg3 Qe1+ 48. Kg2 Qe2+ 49. Kg3 Qe1+ 1/2-1/2

[Event "TuS Makkabi Berlin-SV Empor Erfurt"]
[Site "?"]
[Date "2007.12.27"]
[Round "2.4"]
[White "Lerch, Philipp"]
[Black "Messing, Paul"]
[Result "1/2-1/2"]
[WhiteElo "1569"]
[BlackElo "1211"]
[PlyCount "89"]
[EventDate "2007.??.??"]
[WhiteTeam "TuS Makkabi Berlin"]
[BlackTeam "SV Empor Erfurt"]

1. e4 e5 2. Nf3 Nc6 3. d4 exd4 4. Bc4 Nf6 5. O-O d5 6. exd5 Nxd5 7. Nxd4 Bc5 8.
Nxc6 bxc6 9. Re1+ Be6 10. Qh5 O-O 11. Qg5 Qxg5 12. Bxg5 Rae8 13. Bxd5 cxd5 14.
Nc3 Bb4 15. a3 Bxc3 16. bxc3 Rb8 17. Rab1 Rb6 18. Rb3 Rxb3 19. cxb3 Rb8 20. b4
c6 21. Be3 a6 22. Bc5 Re8 23. f4 g6 24. Kf2 f6 25. h3 Kf7 26. Kg3 g5 27. fxg5
fxg5 28. Re5 Kf6 29. Bd4 Kg6 30. Be3 h6 31. Bd4 Bf7 32. Rxe8 Bxe8 33. Kf3 h5
34. g4 h4 35. Bc5 Kh6 36. Ke3 Bg6 37. Kf2 Bd3 38. Kg2 Kg6 39. Bd4 Kf7 40. Kf2
Ke6 41. Kg1 Bb5 42. Kf2 Kf7 43. Kg1 Kg6 44. Kf2 Kf7 45. Kg1 1/2-1/2

[Event "USV Potsdam-SF Köln-Mülheim"]
[Site "?"]
[Date "2007.12.27"]
[Round "2.1"]
[White "Pauly, Carlo"]
[Black "Friedrich, Wiede"]
[Result "0-1"]
[WhiteElo "1649"]
[BlackElo "1963"]
[PlyCount "148"]
[EventDate "2007.??.??"]
[WhiteTeam "SF Köln-Mülheim"]
[BlackTeam "USV Potsdam"]

1. Nf3 c5 2. g3 Nc6 3. Bg2 Nf6 4. O-O d5 5. d3 g6 6. Nbd2 Bg7 7. e4 O-O 8. c3
e6 9. Qc2 Rb8 10. Nb3 b6 11. Bf4 Ra8 12. Rfe1 Bb7 13. e5 Nd7 14. Re2 Rc8 15.
Rae1 b5 16. Qd2 a5 17. Bh6 Ba6 18. Bxg7 Kxg7 19. h4 b4 20. Nh2 Ne7 21. Nc1 Nb8
22. Qf4 Ng8 23. h5 Nc6 24. hxg6 fxg6 25. Qd2 Rc7 26. Bh3 Qe7 27. f4 bxc3 28.
bxc3 c4 29. d4 Kf7 30. Ng4 Ke8 31. Nf6+ Kd8 32. Re3 Bc8 33. Nxg8 Rxg8 34. Rf3
h5 35. Rf2 Qg7 36. Ne2 Rb7 37. Kh2 Ne7 38. Rg2 Nf5 39. Bxf5 gxf5 40. Ng1 Rb6
41. Rc1 Qb7 42. Rc2 Bd7 43. Rb2 Bb5 44. Nf3 Ke7 45. Ng5 Rb8 46. Kg1 Be8 47.
Rxb6 Qxb6 48. Qc1 Qb1 49. Qf1 Rb2 50. Qxb1 Rxb1+ 51. Kh2 Rc1 52. Rb2 Rxc3 53.
Rb7+ Bd7 54. Nh7 Kd8 55. Nf6 Rc2+ 56. Kg1 Bc8 57. Rb5 Rxa2 58. Nxh5 a4 59. g4
fxg4 60. f5 exf5 61. Rxd5+ Ke7 62. Rc5 Be6 63. d5 c3 64. d6+ Kd8 65. Rxc3 Re2
66. Rc5 a3 67. Nf4 a2 68. Nxe6+ Ke8 69. d7+ Ke7 70. Rc1 Rb2 71. Rd1 Rd2 72.
Rxd2 a1=Q+ 73. Kf2 Qa7+ 74. Ke2 Qa6+ 0-1

[Event "SV Turm Lippstadt-SC Einheit Bautzen"]
[Site "?"]
[Date "2007.12.27"]
[Round "2.3"]
[White "Vu Tuan, Minh"]
[Black "Scheer, Maximilian"]
[Result "1/2-1/2"]
[WhiteElo "1184"]
[BlackElo "1223"]
[PlyCount "111"]
[EventDate "2007.??.??"]
[WhiteTeam "SC Einheit Bautzen"]
[BlackTeam "SV Turm Lippstadt"]

1. e4 e5 2. Nf3 Nc6 3. Bc4 Bc5 4. b4 Bxb4 5. c3 Ba5 6. d4 exd4 7. Qb3 Qf6 8.
Bg5 Qg6 9. O-O Bb6 10. cxd4 Bxd4 11. Nxd4 Nxd4 12. Qd3 Qxg5 13. Qxd4 Ne7 14. f4
Qf6 15. Qxf6 gxf6 16. Nc3 d6 17. Nb5 Kd8 18. Bxf7 Rf8 19. Bb3 a6 20. Nd4 h5 21.
Be6 c5 22. Bxc8 Kxc8 23. Ne6 Rg8 24. Rfd1 f5 25. Rxd6 fxe4 26. Rc1 Kb8 27. Rxc5
e3 28. Re5 h4 29. Rxe3 Nf5 30. Red3 Nxd6 31. Rxd6 Rg6 32. f5 Rf6 33. Rd5 Ka7
34. Kf2 Re8 35. Ke3 Rc8 36. Nd4 Rg8 37. Kf3 Rh6 38. Rd7 Rhh8 39. h3 Rg3+ 40.
Kf2 Rf8 41. Rh7 Rfg8 42. Rxh4 Rxg2+ 43. Ke3 Rxa2 44. f6 Rf8 45. Rf4 Ra3+ 46.
Ke4 Rxh3 47. Ne6 Re8 48. f7 Rxe6+ 49. Kd5 Rc6 50. f8=Q Rh5+ 51. Rf5 Rxf5+ 52.
Qxf5 Rb6 53. Qf2 a5 54. Qd2 Ka6 55. Qd3+ Rb5+ 56. Kd6 1/2-1/2

[Event "BSG Chemie Leipzig-SK Ettlingen"]
[Site "?"]
[Date "2007.12.27"]
[Round "2.3"]
[White "Schwingen, Dominik"]
[Black "Richter, Leonard"]
[Result "1/2-1/2"]
[WhiteElo "1240"]
[BlackElo "1349"]
[PlyCount "83"]
[EventDate "2007.??.??"]
[WhiteTeam "SK Ettlingen"]
[BlackTeam "BSG Chemie Leipzig"]

1. e4 c6 2. d4 d5 3. exd5 cxd5 4. Nf3 Bg4 5. h3 Bxf3 6. Qxf3 Nc6 7. Bb5 e6 8.
Nc3 Nf6 9. O-O Bd6 10. Bg5 O-O 11. Bxf6 Qxf6 12. Qxf6 gxf6 13. Bxc6 bxc6 14.
Rfe1 Rab8 15. Rab1 Rb7 16. Red1 Rfb8 17. b3 e5 18. Ne2 Kh8 19. c3 e4 20. Rf1 f5
21. f3 Rg8 22. fxe4 fxe4 23. Rf6 Rg6 24. Rxg6 fxg6 25. Rf1 Kg7 26. c4 Rf7 27.
Rxf7+ Kxf7 28. cxd5 cxd5 29. Nc3 Ke6 30. Kf2 a6 31. g4 h6 32. Ke2 Ba3 33. Kd2
Bb4 34. Kc2 Bxc3 35. Kxc3 h5 36. Kd2 hxg4 37. hxg4 Kf6 38. a4 Ke6 39. Ke3 Kd6
40. b4 Kc6 41. Kf4 Kb6 42. Ke3 1/2-1/2

[Event "USV Potsdam-SF Köln-Mülheim"]
[Site "?"]
[Date "2007.12.27"]
[Round "2.4"]
[White "Werthmann, Nils"]
[Black "Rahmen, Christian"]
[Result "1-0"]
[WhiteElo "1067"]
[BlackElo "771"]
[PlyCount "63"]
[EventDate "2007.??.??"]
[WhiteTeam "USV Potsdam"]
[BlackTeam "SF Köln-Mülheim"]

1. e4 d5 2. exd5 Qxd5 3. Nc3 Qa5 4. d4 c6 5. Bd2 Qc7 6. Nf3 Nf6 7. Bc4 Bf5 8.
O-O e6 9. Ne5 Bd6 10. Bf4 Nbd7 11. Re1 Rf8 12. Bd3 g6 13. Bxf5 gxf5 14. Bg5
Bxe5 15. dxe5 Ng4 16. f4 f6 17. exf6 Ngxf6 18. Rxe6+ Kd8 19. Rxf6 Rxf6 20.
Bxf6+ Kc8 21. Qd4 c5 22. Nd5 cxd4 23. Nxc7 Kxc7 24. Bxd4 b6 25. Re1 Kc6 26. Re7
Nf8 27. Kf2 Rd8 28. Ke3 a5 29. Rf7 Ne6 30. c3 Kd5 31. Rxf5+ Kc4 32. b3# 1-0

[Event "TuS Makkabi Berlin-SV Empor Erfurt"]
[Site "?"]
[Date "2007.12.27"]
[Round "2.3"]
[White "Allin, Alexander"]
[Black "Wagner, Christian"]
[Result "0-1"]
[WhiteElo "1233"]
[BlackElo "1451"]
[PlyCount "70"]
[EventDate "2007.??.??"]
[WhiteTeam "SV Empor Erfurt"]
[BlackTeam "TuS Makkabi Berlin"]

1. e4 e5 2. Nf3 Nc6 3. Bc4 Bc5 4. c3 Qe7 5. d3 h6 6. Nbd2 Nf6 7. Nf1 d6 8. Bb3
Bg4 9. h3 Be6 10. Be3 Bb6 11. Bc2 d5 12. Qe2 O-O-O 13. O-O-O d4 14. Bd2 dxc3
15. Bxc3 Nd4 16. Qd2 Bxa2 17. Bb4 Qe6 18. Re1 Nxf3 19. gxf3 Bb3 20. Ne3 Bxc2
21. Qxc2 Nh5 22. Qc4 Qxc4+ 23. dxc4 Nf4 24. Kc2 Bxe3 25. Rxe3 Rd4 26. b3 Rhd8
27. Ra1 Nxh3 28. Rxa7 f6 29. Be7 Re8 30. Bc5 Rdd8 31. Rd3 Rxd3 32. Kxd3 Rd8+
33. Ke2 Kb8 34. Ra2 Nf4+ 35. Ke3 Rd3# 0-1